Identification and tracing of bifidobacterium species by use of enterobacterial repetitive intergenic consensus sequences /
Saved in:
| Main Author: | |
|---|---|
| Other Authors: | , |
| Format: | Article |
| Language: | English |
| Subjects: | |
| Tags: |
Add Tag
No Tags, Be the first to tag this record!
|
| Institutions: | Thư viện Trường Đại học Đà Lạt |
|---|
| LEADER | 00894nam a2200277 4500 | ||
|---|---|---|---|
| 001 | DLU090092579 | ||
| 005 | ##20091201 | ||
| 040 | # | # | |a DLU |b eng |
| 041 | # | # | |a eng |
| 044 | # | # | |a us |
| 100 | # | # | |a Ventura, Marco. |
| 245 | # | # | |a Identification and tracing of bifidobacterium species by use of enterobacterial repetitive intergenic consensus sequences / |c Marco Ventura, Valerie Meylan, Ralf Zink. |
| 653 | # | # | |a Bifidobacteria |
| 653 | # | # | |a Dairy products |
| 700 | # | # | |a Meylan, Valerie. |
| 700 | # | # | |a Zink, Ralf. |
| 773 | # | # | |t Applied and Environmental Microbiology |g Vol. 69, no. 7 (July 2003), p. 4296-4301 |
| 920 | # | # | |a Phòng Tạp chí -- Trung tâm Thông tin - Thư viện Trường Đại học Đà Lạt |
| 994 | # | # | |a DLU |
| 900 | # | # | |a True |
| 911 | # | # | |a Trương Bảo Trâm Anh |
| 925 | # | # | |a G |
| 926 | # | # | |a A |
| 927 | # | # | |a BB |
| 980 | # | # | |a Thư viện Trường Đại học Đà Lạt |